Model HGN

Stručná charakteristika a vývojové etapy modelu. Model je súčasťou prístupov k modelovaniu výkonnosti pomocou klasických finančných pomerových ukazovateľov. Charakteristika a finálny určujúci ukazovateľ modelu.

Na minha lista:
Detalhes bibliográficos
Autor principal: Hyránek, Eduard, 1955-
Outros Autores: Grell, Michal, Nagy, Ladislav
Formato: Capítulo de Livro
Idioma:eslovaco
Assuntos:
Tags: Adicionar Tag
Sem tags, seja o primeiro a adicionar uma tag!

MARC

LEADER 00000nla a2200000 4500
001 0227688
005 20240502073742.5
041 0 |a slo 
044 |a SK 
245 1 0 |a Model HGN  |c Eduard Hyránek, Michal Grell, Ladislav Nagy 
520 |a Stručná charakteristika a vývojové etapy modelu. Model je súčasťou prístupov k modelovaniu výkonnosti pomocou klasických finančných pomerových ukazovateľov. Charakteristika a finálny určujúci ukazovateľ modelu. 
610 2 0 |a modely matematické 
610 2 0 |a inžinierstvo systémové 
610 2 0 |a funkcie matematické 
610 2 0 |a meranie výkonnosti 
610 2 0 |a ukazovatele finančné 
100 1 |a Hyránek, Eduard, 1955- 
700 1 |a Grell, Michal 
700 1 |a Nagy, Ladislav